The Entrepreneurial Outlook : Hacking The Code Of Success (Record no. 96240)

MARC details
000 -LEADER
fixed length control field 00583nam a2200229Ia 4500
005 - DATE AND TIME OF LATEST TRANSACTION
control field 20230421112007.0
008 - FIXED-LENGTH DATA ELEMENTS--GENERAL INFORMATION
fixed length control field 230125s9999 xx 000 0 und d
020 ## - INTERNATIONAL STANDARD BOOK NUMBER
International Standard Book Number 9789352131488
041 ## - LANGUAGE CODE
Language code of text/sound track or separate title eng
082 ## - DEWEY DECIMAL CLASSIFICATION NUMBER
Classification number 658.421
Item number SIN
100 ## - MAIN ENTRY--PERSONAL NAME
Author Singh D
245 ## - TITLE STATEMENT
Title The Entrepreneurial Outlook : Hacking The Code Of Success
250 ## - EDITION STATEMENT
Edition statement 1st Ed.
260 ## - PUBLICATION, DISTRIBUTION, ETC.
Date of publication, distribution, etc. 2015
Name of publisher, distributor, etc. Shroff publisher and distributors
Place of publication, distribution, etc. Mumbai
300 ## - PHYSICAL DESCRIPTION
Extent 237p
500 ## - GENERAL NOTE
Keywords Entrepreneurship
650 ## - SUBJECT ADDED ENTRY--TOPICAL TERM
Topical term or geographic name entry element Entrepreneurship
700 ## - ADDED ENTRY--PERSONAL NAME
Personal name Singh D
942 ## - ADDED ENTRY ELEMENTS (KOHA)
Koha item type Books
906 ## - LOCAL DATA ELEMENT F, LDF (RLIN)
b 119
Holdings
Withdrawn status Lost status Damaged status Not for loan Home library Current library Date acquired Vendor Net Price Bill number Total Checkouts Full call number Barcode Date last seen Actual Price Bill Date Koha item type Original Barcode
        Smt. Hiraben Nanavati Institute of Management & Research for Women Smt. Hiraben Nanavati Institute of Management & Research for Women 07/01/2020 Forward Books 425.00 11164   658.421 SIN B19524 HIMR-BK-19524 25/01/2023 306.00 25/01/2023 Books B19524
        Smt. Hiraben Nanavati Institute of Management & Research for Women Smt. Hiraben Nanavati Institute of Management & Research for Women 07/01/2020 Forward Books 425.00 11164   658.421 SIN B19525 HIMR-BK-19525 25/01/2023 306.00 25/01/2023 Books B19525
        Smt. Hiraben Nanavati Institute of Management & Research for Women Smt. Hiraben Nanavati Institute of Management & Research for Women 07/01/2020 Forward Books 425.00 11164   658.421 SIN B19526 HIMR-BK-19526 25/01/2023 306.00 25/01/2023 Books B19526